Guess the made up Brainrot - Statistics

General Stats
  • This quiz has been taken 12 times
  • The average score is 7 of 22
Answers on the Grid
Answers color-coded by a green-red scale on the quiz's grid according to % correct below.
Cappello Di Zebra
Blueberrini Octopusini
Giraffini Lighthousini
Tigeral Bicical
La Miscel Frescal
Bearini TVini
Kangarooni Toasterooni
Chimpanza Bookcasa
Dolphina Sofaaaaaa
La Grande Combination
Libro Sulle Meduse
Platypuso Thermoso
Pandacinni Bananini
Penguino Teacup
Narwhalli Coffee Mugi
Ragno Sapone
Panda Lampadina
Karkerkar Kurkur
Giraffe Microonde
Spatula Per Tonno
Manubrio Del Leone
Cuscino Rana
Gufo Chucciaio
Cacto Hippopotamo
Ascguigamano Cameleonte
La Vacca Saturno Saturnita
Dogino Fruttino
Giraffa Celestre
Bigini Sisini
Odin din din din dun
 
Answer Stats
Answer % Correct
Bearini TVini
67%
Cappello Di Zebra
56%
Chimpanza Bookcasa
56%
Bigini Sisini
44%
Dolphina Sofaaaaaa
44%
La Miscel Frescal
44%
Libro Sulle Meduse
44%
Tigeral Bicical
44%
Ascguigamano Cameleonte
33%
Giraffini Lighthousini
33%
Kangarooni Toasterooni
33%
Manubrio Del Leone
33%
Narwhalli Coffee Mugi
33%
Ragno Sapone
33%
Cuscino Rana
22%
Gufo Chucciaio
22%
Penguino Teacup
22%
Platypuso Thermoso
22%
Giraffe Microonde
11%
Dogino Fruttino
11%
Panda Lampadina
11%
Spatula Per Tonno
11%
No matching quizzes found
Score Distribution
Percent of People with Each Score
Percentile by Number Answered
Your Score History
You have not taken this quiz